[Event "AUTO-INT-3946"]
[Site "http://www.queenalice.com/game.php?id=1868384"]
[Date "2026.1.24"]
[Round "2"]
[White "Anusha"]
[Black "Carlos19"]
[Result "1-0"]
[WhiteElo "2157"]
[BlackElo "1695"]

1. c4 e5 2. g3 Bc5 3. Bg2 Nf6 4. Nc3 a6 5. Nf3 d6 6. O-O h6 7. a3 O-O 8. Rb1 Bf5
9. d3 Nc6 10. b4 Bb6 11. a4 a5 12. b5 Ne7 13. Bb2 c6 14. Nd2 Rc8 15. bxc6 Rxc6
16. Nce4 d5 17. cxd5 Nexd5 18. Bxe5 Re6 19. Nxf6+ Nxf6 20. Rb5 Nd7 21. Bxg7 Kxg7
22. Rxf5 Nc5 23. Qa1+ Kg6 24. Rf4 f5 25. Qa2 Rxe2 26. Bf3 Re7 27. Qc4 Qxd3 28.
Qxd3 Nxd3 29. Rh4 Bxf2+ 30. Rxf2 Nxf2 31. Kxf2 Rd8 32. Nc4 Kg5 33. Rh5+ Kg6 34.
Rh4 Rc8 35. Kg2 Rec7 36. Ne5+ Kf6 37. Nd3 Rc3 38. Nf4 Rc2+ 39. Kh3 Rh8 40. Bxb7
Ra2 41. Bc6 Kg7 42. Bb5 Ra3 43. Ne6+ Kf6 44. Nd4 Ke5 45. Nc6+ Kd6 46. Nxa5 Ra1
47. Nc4+ Kc5 48. Ne3 Ra3 49. Nxf5 h5 50. Ng7 Rg8 51. Nxh5 Rg5 52. Nf4 Rg8 53.
Ne6+ Kd6 54. Nd4 Kc5 55. Nf5 Rg5 56. Rc4+ Kd5 57. Rf4 Ke5 58. Nh4 Kd6 59. Rf6+
Kc7 60. Rh6 Ra2 61. Ng2 Rc5 62. Nh4 Rcc2 63. Nf3 Rf2 64. Kg4 Ra3 65. Ng5 Raa2
66. h4 Rg2 67. h5 Ra3 68. Nf3 Rb3 69. Rh8 Re3 70. h6 Re1 71. h7 Re7 72. Rc8+
Kxc8 73. h8=Q+ Kc7 74. Qc3+ Kd8 75. Qd3+ Kc7 76. Qc3+ Kd8 77. Ba6 Rc7 78. Qh8+
Kd7 79. Bb5+ Ke7 80. Qe8+ Kf6 81. Qe5+ 1-0

[Event "AUTO-INT-3942"]
[Site "http://www.queenalice.com/game.php?id=1869139"]
[Date "2026.2.12"]
[Round "2"]
[White "dosoldini"]
[Black "Anusha"]
[Result "0-1"]
[WhiteElo "1634"]
[BlackElo "2007"]

1. e4 c5 2. c4 Nc6 3. Nf3 d6 4. h3 Nf6 5. Qa4 Bd7 6. Qc2 e5 7. a3 Be7 8. Nc3 O-O
9. d3 h6 10. Be2 a6 11. Be3 Rb8 12. Qd2 Nd4 13. Bxd4 cxd4 14. Nd5 b5 15. Nxe7+
Qxe7 16. Nh2 bxc4 17. dxc4 Nxe4 18. Qd3 Bc6 19. Nf3 Rxb2 20. O-O Rfb8 21. Rab1
Nc3 22. Nd2 Qg5 23. f3 Qe3+ 24. Kh1 Qxe2 25. Rfe1 Qxd3 0-1

[Event "AUTO-INT-3942"]
[Site "http://www.queenalice.com/game.php?id=1869140"]
[Date "2026.2.12"]
[Round "2"]
[White "Anusha"]
[Black "dosoldini"]
[Result "1-0"]
[WhiteElo "2009"]
[BlackElo "1624"]

1. c4 e5 2. g3 Nc6 3. Bg2 Nf6 4. Nc3 a6 5. d3 Bd6 6. Nf3 h6 7. O-O Be7 8. a3 d6
9. b4 O-O 10. Bb2 Be6 11. Rc1 d5 12. cxd5 Bxd5 13. Nxd5 Qxd5 14. Nxe5 Qxe5 15.
Bxe5 Nxe5 16. Rxc7 Bd8 17. Rxb7 Nh7 18. Rxf7 Rxf7 19. Bxa8 Rf5 20. Qa4 1-0

[Event "AUTO-INT-3942"]
[Site "http://www.queenalice.com/game.php?id=1869143"]
[Date "2026.2.12"]
[Round "2"]
[White "Anusha"]
[Black "caradepau"]
[Result "1-0"]
[WhiteElo "2158"]
[BlackElo "1624"]

1. c4 e5 2. g3 Bc5 3. Bg2 d6 4. Nc3 a6 5. d3 h6 6. Nf3 Nf6 7. O-O Nc6 8. a3 O-O
9. Rb1 Nd4 10. b4 Ba7 11. a4 Nxf3+ 12. Bxf3 Qd7 13. Bd2 Qh3 14. Bg2 Qh5 15. b5
Ng4 16. h3 Nf6 17. bxa6 bxa6 18. Na2 Bxh3 19. e3 Bxg2 20. Qxh5 Nxh5 21. Kxg2
Rab8 22. Nc3 Rxb1 23. Rxb1 c6 24. Rb7 Bc5 25. Ne4 Ba3 26. Bc3 f5 27. Nd2 e4 28.
dxe4 fxe4 29. Nxe4 d5 30. cxd5 g5 31. dxc6 Re8 32. Nd2 Bd6 33. Nc4 Be7 34. c7
Nf6 35. Bxf6 Bxf6 36. Rb8 g4 37. Rxe8+ Kg7 38. c8=Q h5 39. Qd7+ Kg6 40. Re6 Kg5
41. Rxf6 Kxf6 42. Qc6+ Kg5 43. Qxa6 h4 44. Qb5+ Kh6 45. gxh4 g3 46. fxg3 Kg6 47.
Qe5 Kh6 48. Qf5 Kg7 49. Qe6 Kh8 50. Qe7 Kg8 51. Nd6 Kh8 52. Nf5 Kg8 53. Qg7# 1-0

[Event "AUTO-INT-3942"]
[Site "http://www.queenalice.com/game.php?id=1869144"]
[Date "2026.2.12"]
[Round "2"]
[White "caradepau"]
[Black "Anusha"]
[Result "0-1"]
[WhiteElo "1648"]
[BlackElo "2172"]

1. e4 c5 2. Bc4 d6 3. d3 Nc6 4. a3 h6 5. h3 Nf6 6. Nc3 a6 7. Nf3 e6 8. O-O Be7
9. Bf4 O-O 10. Qd2 b5 11. Ba2 Bb7 12. Ne2 a5 13. c4 b4 14. axb4 axb4 15. g4 Nd7
16. Nc1 Bf6 17. Bxd6 Be7 18. Bxe7 Qxe7 19. Nb3 Rfd8 20. Qf4 Nf6 21. Ne1 Nd7 22.
Qc7 Rab8 23. Qh2 Qf6 24. Rb1 Ra8 25. Qc7 Rab8 26. Qg3 e5 27. h4 Ra8 28. Kg2 Rxa2
29. g5 hxg5 30. hxg5 Qf4 31. Qxf4 exf4 32. Kf3 Nce5+ 33. Kxf4 Ng6+ 34. Ke3 Ra6
35. d4 cxd4+ 36. Nxd4 Nc5 37. Nd3 Nxd3 38. Kxd3 Rad6 39. Rfe1 Rxd4+ 40. Ke3
Rxe4+ 41. Kf3 Rxe1+ 42. Kg3 Rxb1 43. f4 Rxb2 44. f5 Ne5 45. c5 Rc8 46. Kf4 Rxc5
47. f6 Rbc2 48. fxg7 Kxg7 49. Kf5 b3 50. Kf4 b2 51. Kf5 R5c3 52. Kxe5 b1=Q 53.
Kf5 Qb4 54. g6 Rc5# 0-1

[Event "AUTO-INT-3947"]
[Site "http://www.queenalice.com/game.php?id=1869299"]
[Date "2026.2.15"]
[Round "2"]
[White "Anusha"]
[Black "caradepau"]
[Result "1-0"]
[WhiteElo "2054"]
[BlackElo "1658"]

1. c4 e5 2. g3 Bc5 3. Bg2 d6 4. Nc3 Qd7 5. d3 Nc6 6. Nf3 h6 7. O-O Nf6 8. a3 Nd4
9. Rb1 Nxf3+ 10. Bxf3 a6 11. b4 Ba7 12. a4 Rb8 13. b5 axb5 14. axb5 O-O 15. Ba3
Bd4 16. Ne4 Nxe4 17. Bxe4 c5 18. Rb3 Qh3 19. e3 Bxe3 20. fxe3 Bg4 21. Qd2 b6 22.
Bd5 Rbe8 23. Qg2 Qxg2+ 24. Bxg2 g5 25. Bb2 Kg7 26. Ra3 Be2 27. Rf2 Bh5 28. Ra6
Bg6 29. Rxb6 Bxd3 30. Rxd6 f5 31. Bd5 h5 32. Bc3 h4 33. Ra2 hxg3 34. hxg3 Rh8
35. Ra7+ Kf8 36. Rf6# 1-0

[Event "AUTO-INT-3947"]
[Site "http://www.queenalice.com/game.php?id=1869300"]
[Date "2026.2.15"]
[Round "2"]
[White "caradepau"]
[Black "Anusha"]
[Result "0-1"]
[WhiteElo "1674"]
[BlackElo "2032"]

1. e4 c5 2. Bc4 d6 3. d3 Nc6 4. a3 Nf6 5. h3 a6 6. Nf3 e6 7. Bf4 Be7 8. O-O O-O
9. Nc3 b5 10. Ba2 Bb7 11. e5 dxe5 12. Bxe5 Nxe5 13. Nxe5 Qc7 14. Ng4 Rad8 15.
Nxf6+ Bxf6 16. Qd2 Rd7 17. Qc1 c4 18. dxc4 bxc4 19. Qe3 Qc6 20. Qg3 Bd8 21. Rae1
Bc7 22. Qe3 Qxg2# 0-1

[Event "AUTO-INT-3947"]
[Site "http://www.queenalice.com/game.php?id=1869301"]
[Date "2026.2.15"]
[Round "2"]
[White "Anusha"]
[Black "Carlos19"]
[Result "1-0"]
[WhiteElo "2118"]
[BlackElo "1761"]

1. c4 e5 2. g3 Bc5 3. Bg2 Nc6 4. Nc3 Nf6 5. d3 Ng4 6. e3 a6 7. Qxg4 O-O 8. Qe2
d6 9. Nf3 Nb4 10. O-O Bg4 11. a3 Nc6 12. Rb1 f5 13. b4 Bb6 14. Qa2 Kh8 15. Nd5
e4 16. dxe4 fxe4 17. Nd2 Bf3 18. Nxe4 Bxg2 19. Kxg2 Ne5 20. Nxb6 cxb6 21. c5
bxc5 22. bxc5 d5 23. Nd2 Nd3 24. Rxb7 Qc8 25. Qxd5 Rd8 26. Qf7 Nxc1 27. Qxg7#
1-0

[Event "AUTO-INT-3947"]
[Site "http://www.queenalice.com/game.php?id=1869302"]
[Date "2026.2.15"]
[Round "2"]
[White "Carlos19"]
[Black "Anusha"]
[Result "0-1"]
[WhiteElo "1683"]
[BlackElo "2011"]

1. e4 c5 2. Bc4 d6 3. Nf3 Nc6 4. Ng5 e6 5. Bb5 Qxg5 6. Bxc6+ bxc6 7. d4 Qxg2 8.
Ke2 Qxe4+ 9. Be3 Nf6 10. dxc5 d5 11. Nc3 Ba6+ 12. Ke1 Qxh1+ 13. Kd2 Qxd1+ 14.
Rxd1 Be7 15. a4 O-O 16. Bg5 h6 17. Bxf6 Bxf6 18. b4 Bc4 19. b5 Be7 20. bxc6 Bxc5
21. f4 Rfc8 0-1

[Event "AUTO-INT-3949"]
[Site "http://www.queenalice.com/game.php?id=1870321"]
[Date "2026.3.10"]
[Round "2"]
[White "game"]
[Black "Anusha"]
[Result "0-1"]
[WhiteElo "1558"]
[BlackElo "2123"]

1. e4 c5 2. Nf3 d6 3. Bc4 Nc6 4. d3 Nf6 5. Ng5 e6 6. O-O Be7 7. c3 O-O 8. Qc2 a6
9. a4 d5 10. e5 Nxe5 11. Bb3 Qc7 12. f4 Ng6 13. Be3 c4 14. dxc4 dxc4 15. Ba2 b6
16. Nd2 h6 17. Nge4 Nxe4 18. Qxe4 Bb7 19. Qc2 b5 20. f5 exf5 21. Rxf5 Qc6 22.
Nf3 Qe6 23. Kf2 Be4 24. Nd4 Bxc2 25. Nxe6 Bxf5 26. Nc7 Rac8 27. Nxa6 bxa4 28.
Nb4 Rfd8 29. Re1 Be6 30. g4 Bh4+ 31. Ke2 Bxe1 32. Bb6 Bxg4+ 33. Kxe1 Rd1+ 34.
Kf2 Re8 35. Bxc4 Rd2+ 36. Kg3 Bd1 37. Bb5 Rb8 38. Be3 Rxb2 39. Bc4 Rc8 40. Bd5
Rxc3 0-1

[Event "AUTO-INT-3949"]
[Site "http://www.queenalice.com/game.php?id=1870322"]
[Date "2026.3.10"]
[Round "2"]
[White "Anusha"]
[Black "game"]
[Result "1-0"]
[WhiteElo "2122"]
[BlackElo "1560"]

1. c4 e5 2. g3 c5 3. Bg2 Nc6 4. Nc3 d5 5. cxd5 Nb4 6. a3 Na6 7. d3 Nf6 8. e4 c4
9. dxc4 Be7 10. Nf3 Bc5 11. O-O Bg4 12. Qa4+ Nd7 13. Nxe5 h5 14. h3 O-O 15. Nxg4
hxg4 16. hxg4 Bd4 17. Ne2 Ndc5 18. Qd1 Be5 19. Rb1 f6 20. b4 Nd7 21. Bf4 Qb6 22.
c5 Qd8 23. Qd2 Kf7 24. Bxe5 Nxe5 25. Nd4 Nxg4 26. Ne6 Qe8 27. Nxf8 Qxf8 28. d6
Qh8 29. Qd5+ Kg6 30. Qf5+ Kf7 31. Qxg4 Qh7 32. Rfd1 Rh8 33. Kf1 g5 34. Qd7+ Kg6
35. Qf5+ Kf7 36. Qxh7+ Rxh7 37. Re1 Nb8 38. e5 fxe5 39. Rxe5 Kf6 40. Rbe1 Nd7
41. Re6+ Kf5 42. Re7 Rxe7 43. Rxe7 Nb8 44. Rxb7 Nc6 45. Bxc6 g4 46. d7 1-0

[Event "AUTO-INT-3949"]
[Site "http://www.queenalice.com/game.php?id=1870323"]
[Date "2026.3.10"]
[Round "2"]
[White "renet54"]
[Black "Anusha"]
[Result "0-1"]
[WhiteElo "1484"]
[BlackElo "2169"]

1. d4 Nf6 2. Nf3 d6 3. Nc3 c6 4. Bf4 h6 5. e4 Nbd7 6. Bd3 e5 7. dxe5 dxe5 8. Bg3
Bd6 9. O-O O-O 10. Qd2 Qc7 11. Rad1 Nh5 12. Ne2 Nxg3 13. Nxg3 Nf6 14. Nf5 Bc5
15. Nxh6+ gxh6 16. Qxh6 Ng4 17. Qg5+ Kh7 18. Qh4+ Nh6 19. Ng5+ Kg7 20. Bc4 Bg4
21. h3 Bc8 22. Bxf7 Rxf7 23. Ne6+ Bxe6 24. Kh1 Ng8 25. Rd3 Kf8 26. Rfd1 Qe7 27.
Qg3 Qf6 28. Rf3 Qg7 29. Qxg7+ Kxg7 30. Rg3+ Kf8 31. Rg5 Bxf2 32. Rxe5 Re8 33. c4
Bxc4 34. Rxe8+ Kxe8 35. e5 Bxa2 36. e6 Bxe6 0-1

[Event "AUTO-INT-3949"]
[Site "http://www.queenalice.com/game.php?id=1870324"]
[Date "2026.3.10"]
[Round "2"]
[White "Anusha"]
[Black "renet54"]
[Result "1-0"]
[WhiteElo "2117"]
[BlackElo "1561"]

1. c4 e5 2. Nc3 Nc6 3. g3 Bc5 4. Bg2 d6 5. d3 Nf6 6. Nf3 O-O 7. O-O Bg4 8. a3
Qd7 9. Rb1 Nd4 10. Nxd4 Bxd4 11. Bg5 Bh3 12. Bxf6 Bxg2 13. Kxg2 gxf6 14. Ne4 Qc6
15. Kg1 Kh8 16. e3 Bb6 17. Nxf6 d5 18. Nxd5 Qh6 19. Qf3 Qg6 20. b4 Qxd3 21. Qf6+
1-0

[Event "AUTO-ADV-4910"]
[Site "http://www.queenalice.com/game.php?id=1871840"]
[Date "2026.4.11"]
[Round "2"]
[White "miguel7"]
[Black "Anusha"]
[Result "0-1"]
[WhiteElo "1832"]
[BlackElo "2170"]

1. e4 c5 2. Bc4 d6 3. h3 Nc6 4. Nf3 Nf6 5. d3 h6 6. Bxf7+ Kxf7 7. Nc3 e5 8. a3
Be6 9. b4 cxb4 10. Ne2 Be7 11. O-O Rf8 12. d4 Nxd4 13. Nfxd4 exd4 14. Nxd4 Qd7
15. axb4 a6 16. Nxe6 Qxe6 17. Qf3 Kg8 18. Bb2 Rac8 19. Bxf6 Bxf6 20. e5 Bxe5 21.
Qxb7 Bxa1 22. Rxa1 Qe2 23. Qd5+ Kh8 24. Rxa6 Qxf2+ 25. Kh1 Qf1+ 26. Kh2 Qxa6 0-1

[Event "AUTO-ADV-4910"]
[Site "http://www.queenalice.com/game.php?id=1871841"]
[Date "2026.4.11"]
[Round "2"]
[White "Anusha"]
[Black "miguel7"]
[Result "1-0"]
[WhiteElo "2157"]
[BlackElo "1878"]

1. c4 e5 2. g3 c6 3. Bg2 Bc5 4. Nc3 d6 5. d3 Bg4 6. a3 Nf6 7. Nf3 h6 8. O-O Be6
9. Rb1 O-O 10. b4 Bb6 11. a4 Nbd7 12. Nd2 a5 13. b5 c5 14. Bxb7 Rb8 15. Bg2 Qc8
16. h3 Rd8 17. Nce4 Qc7 18. Nc3 Nf8 19. Nde4 Nxe4 20. Nxe4 Qe7 21. Nc3 Ng6 22.
Kh2 f5 23. f4 e4 24. dxe4 fxe4 25. f5 Bxc4 26. fxg6 d5 27. Qe1 Rd6 28. Bf4 Bc7
29. Bxd6 Qxd6 30. Qf2 Rf8 31. Qxf8+ Qxf8 32. Rxf8+ Kxf8 33. Rf1+ Kg8 34. Rf7 Be5
35. Nxd5 Bxd5 36. Rf5 1-0

[Event "AUTO-ADV-4910"]
[Site "http://www.queenalice.com/game.php?id=1871843"]
[Date "2026.4.11"]
[Round "2"]
[White "Anusha"]
[Black "MHRangel"]
[Result "1-0"]
[WhiteElo "2164"]
[BlackElo "1812"]

1. c4 g6 2. g3 Bg7 3. Bg2 Nf6 4. Nc3 O-O 5. d3 c6 6. Nf3 d5 7. O-O dxc4 8. dxc4
Qxd1 9. Rxd1 Na6 10. Be3 Be6 11. Nd2 Ng4 12. Bf4 Bf5 13. h3 e5 14. hxg4 exf4 15.
gxf5 fxg3 16. fxg3 Nc5 17. fxg6 fxg6 18. Nf3 Bxc3 19. bxc3 Na4 20. Rd3 Nb6 21.
Rd4 Na4 22. Rc1 Nb2 23. Rb1 Na4 24. Rxb7 Nxc3 25. Rdd7 Nxe2+ 26. Kh2 h5 27. Rg7+
1-0

[Event "AUTO-ADV-4911"]
[Site "http://www.queenalice.com/game.php?id=1873020"]
[Date "2026.5.7"]
[Round "2"]
[White "Anusha"]
[Black "Tonto"]
[Result "1-0"]
[WhiteElo "2159"]
[BlackElo "1942"]

1. c4 e5 2. g3 Nc6 3. Bg2 Bc5 4. d3 Qf6 5. Nf3 Nh6 6. O-O Ng4 7. e3 b6 8. Nc3
O-O 9. Ne4 Qh6 10. h3 Nf6 11. Nxc5 bxc5 12. a3 Ne7 13. e4 Qg6 14. Nh4 Qh5 15.
Bf3 Qxh4 16. gxh4 Nc6 17. Be3 d6 18. Kh2 Rb8 19. Rb1 Ne7 20. Bg5 Ng6 21. Bxf6
Nf4 22. Rg1 g6 23. Bg4 Rb3 24. Qxb3 h5 25. Bxc8 Rxc8 26. Rbe1 Ne6 27. Rg3 Nd4
28. Qb7 Rf8 29. Qxc7 1-0